Podział administracyjny Norwegii - Statystyki

Ogólne statystyki
  • Ten quiz został rozwiązany 26 razy
  • Średni wynik to 5 z 15
Statystyki odpowiedzi
Nazwa jednostki administracyjnej Nazwa % Poprawnych
Okręg Oslo
100%
Okręg Nordland
64%
Okręg Vestland
50%
Okręg Østfold
29%
Okręg Telemark
29%
Okręg Troms
29%
Okręg Finnmark
21%
Okręg Rogaland
21%
Okręg Vestfold
21%
Okręg Agder
14%
Okręg Akershus
14%
Okręg Buskerud
14%
Okręg Innlandet
14%
Okręg Møre og Romsdal
14%
Okręg Trøndelag
14%
Nie znaleziono quizów pasujących do podanych kryteriów
Rozkład punktacji
Procent ludzi z każdym wynikiem
Percentyl według liczby udzielonych odpowiedzi
Twoja historia wyników
Nie rozwiązałeś tego quizu